000 01415nam a2200301 i 4500
001 193534
003 ES-MaACL
005 20240908063120.0
007 ta
008 240104s2023 sp ||||| |||| 00| 0 spa d
020 _a9788412497199
040 _cES-MaACL
100 _aFrías Hernández, Epi
_9234838
_eaut
245 1 0 _aAdán en su paraíso /
_cEpi Frías Herández,
250 _aPrimera edición: abril 2023
260 1 _a[Madrid] :
_bHebras de Tinta Editorial,
_c2023.
300 _a296 páginas ;
_c21 cm
500 _aSegunda novela de la serie Un paraíso en la tierra.
520 _aAdán en su paraíso es la segunda novela de la serie Un paraíso en la tierra. No es necesario haber leído la primera, Un paraíso sin Eva, para entender plenamente, de principio a fin, esta segunda. En Adán en su paraíso, los protagonistas principales, Ramón y Amigo, viven nuevas aventuras, interactuando, además, con otros personajes secundarios.
852 _aES-MaACL
_bR.154867
_cDEPOJ
_hDonación: José Lázaro García
_xEncuadernación rústica con solapas
_jN-9719
_9201304
903 _9234219
_aLázaro García, José
_ednr
942 _n0
_cMONOGRAFIA
999 _c193534
_d193534